| 000 | 01186nam a22002057a 4500 | ||
|---|---|---|---|
| 005 | 20210414114102.0 | ||
| 008 | 120730t xxu||||| |||| 00| 0 eng d | ||
| 020 | _a0619215666 9780619215668 | ||
| 050 | _aTK5105.59.C52 | ||
| 100 | _aCiampa, Mark. | ||
| 245 |
_aSecurity+ guide to network security fundamentals. / _cMark D. Ciampa |
||
| 250 | _a2nd ed. | ||
| 260 |
_aBoston: _bThomson, _c2005. |
||
| 300 |
_axxv, 550 p. : _bill. ; _c24 cm. |
||
| 500 | _aIncludes index. | ||
| 505 | _aContents: Information security fundamentals -- Attackers and their attacks -- Security basics -- Security baselines -- Securing the network infrastructure -- Web security -- Protecting advanced communications -- Scrambling through cryptography -- Using and managing keys -- Operational security -- Policies and procedures -- Security management -- Advanced security and beyond -- Appendix A: CompTIA security + examination objectives -- Appendix B: Linus and windows security -- Appendix C: Common TCP/IP and their threats -- Appendix D: Sample acceptable use policy -- Glossary. | ||
| 650 |
_aComputer networks _x Security measures |
||
| 650 | _a Examinations -- Study guides. | ||
| 942 |
_2lcc _cBK |
||
| 999 |
_c1857 _d9357 |
||